000 00526nam a2200193 u 4500
005 20260206064025.0
008 091020s2004 ag r 000 0 spa d
020 _a9505816057
035 _aUPN01000173337
049 _aI
050 4 _aGV1446
_bG8.2
100 1 _aGurbanov, Tito
245 1 0 _aAjedrez para chicos /
_cTito Gurbanov.
260 _aBuenos Aires :
_bColihue,
_c2004.
300 _a110 p. :
_bil.
650 4 _aAJEDREZ PARA NIÑOS
_95261
650 4 _aAjedrez
_xEstudio y enseñanza
_91977
905 _aInfantil
999 _c145441
_d145441